000
00320nam a22001337a 4500
008
171017b xxu||||| |||| 00| 0 eng d
020
_a
2900132222128
041
_a
eng
080
_a
331.101.262
100
_a
52
101
_a
BNJ
245
_a
HUMAN RESOURCE MANAGMENT AND SUPERVISION
_c
JAMES.O
942
_2
udc
_c
BK
999
_c
34360
_d
34360